| 000 | 00360nam a22001337a 4500 | ||
|---|---|---|---|
| 008 | 181011b xxu||||| |||| 00| 0 eng d | ||
| 020 | _a9789951892902 | ||
| 041 | _aalb | ||
| 080 | _a330 | ||
| 100 | _a58 | ||
| 101 | _aBIZ | ||
| 245 |
_aNdërmarrjet e vogla dhe të mesme në Kosovë (Analizë krahasuese dhe hulumtim empirik) _cBeiqir,L.A |
||
| 942 |
_2udc _cBK |
||
| 999 |
_c49362 _d49362 |
||